000
00376nam a22001577a 4500
003
MPLRDC
005
20220104143229.0
008
210129b ||||| |||| 00| 0 eng d
082
_a
857.9 JY-5 v.2 c.10
100
_a
金庸
245
_a
神雕侠侣. 二
_c
260
_a
_b
武术出版社
_c
300
_b
平
650
_a
武侠小说
942
_c
BK
_o
857.9 JY-5 v.2 c.10
999
_c
37878
_d
37868